[Event "Moia op 1st"]
[Site "Moia"]
[Date "2013.06.09"]
[Round "4"]
[White "Arimany Sala, Jordi"]
[Black "Basas Gamazo, Josep"]
[Result "0-1"]
[WhiteElo "1856"]
[BlackElo "2012"]
[PlyCount "96"]
[EventDate "2013.05.19"]
[EventType "swiss"]
[EventRounds "8"]
[EventCountry "ESP"]
[SourceTitle "EXT 2014"]
[Source "ChessBase"]
[SourceDate "2013.11.20"]
[SourceVersion "1"]
[SourceVersionDate "2013.11.20"]
[SourceQuality "1"]

1. b3 Nf6 2. Bb2 g6 3. e3 Bg7 4. Nf3 0-0 5. Nc3 c5 6. Rb1 Nc6 7. Bb5 Qc7 8. Bxc6 Qxc6 9. d3 d6 10. h3 b5 11. d4 b4 12. Na4 c4 13. c3 a5 14. Rc1 cxb3 15. axb3 Qa6 16. c4 Bd7 17. Ra1 Rfc8 18. 0-0 Be8 19. Re1 Qb7 20. Qc2 Bc6 21. Qe2 Nd7 22. Ra2 e5 23. Rb1 d5 24. c5 e4 25. Nh2 f5 26. Rba1 Rf8 27. Bc1 f4 28. Bd2 h5 29. Nb2 Bb5 30. Qd1 Nb8 31. Rxa5 Rxa5 32. Rxa5 Nc6 33. Ra2 Qd7 34. f3 Qe6 35. Qe1 fxe3 36. Bxe3 Nxd4 37. Bf2 e3 38. Qxe3 Qxe3 39. Bxe3 Nxb3 40. Na4 d4 41. Bg5 d3 42. Be3 Ra8 43. Nc3 Rxa2 44. Nxa2 Bd4 45. Nf1 d2 46. Nxd2 Bxe3+ 47. Kh2 Bxd2 48. Nxb4 Bxb4 0-1

[Event "Moia op 1st"]
[Site "Moia"]
[Date "2013.06.02"]
[Round "3"]
[White "Simon del Sol, Jaume"]
[Black "Arimany Sala, Jordi"]
[Result "1/2-1/2"]
[WhiteElo "2007"]
[BlackElo "1856"]
[PlyCount "33"]
[EventDate "2013.05.19"]
[EventType "swiss"]
[EventRounds "8"]
[EventCountry "ESP"]
[SourceTitle "EXT 2014"]
[Source "ChessBase"]
[SourceDate "2013.11.20"]
[SourceVersion "1"]
[SourceVersionDate "2013.11.20"]
[SourceQuality "1"]

1. d4 b6 2. c4 e6 3. Nf3 Bb7 4. g3 d6 5. Bg2 Nd7 6. 0-0 g6 7. Nc3 Bg7 8. e4 Ngf6 9. Re1 0-0 10. h3 c5 11. e5 Ne8 12. exd6 Nxd6 13. d5 e5 14. Bf1 Re8 15. Ng5 Nf6 16. Rb1 Bc8 17. Ra1 1/2-1/2

[Event "Moia op 1st"]
[Site "Moia"]
[Date "2013.05.19"]
[Round "1"]
[White "Arimany Sala, Jordi"]
[Black "Costa Trave, Jaume"]
[Result "0-1"]
[WhiteElo "1856"]
[BlackElo "1986"]
[PlyCount "72"]
[EventDate "2013.05.19"]
[EventType "swiss"]
[EventRounds "8"]
[EventCountry "ESP"]
[SourceTitle "EXT 2014"]
[Source "ChessBase"]
[SourceDate "2013.11.20"]
[SourceVersion "1"]
[SourceVersionDate "2013.11.20"]
[SourceQuality "1"]

1. b3 d5 2. e3 Nf6 3. Bb2 Bf5 4. Nf3 Nbd7 5. h3 c6 6. Ne5 e6 7. Nxd7 Qxd7 8. Bxf6 gxf6 9. Nc3 Bd6 10. Ne2 e5 11. d3 h5 12. Qd2 a5 13. a3 Qe7 14. a4 d4 15. Kd1 Bb4 16. Qc1 0-0-0 17. Ng3 Be6 18. Be2 h4 19. Ne4 f5 20. Nd2 Qg5 21. Bf1 Bc3 22. Ra2 dxe3 23. Nf3 e2+ 24. Bxe2 Qxg2 25. Rg1 Qxf2 26. Rf1 Qc5 27. Ng5 e4 28. Nxe6 fxe6 29. Qf4 Rhg8 30. Qxh4 Rg1 31. Qf4 Rdg8 32. h4 Be5 33. Qh6 R8g6 34. Qh5 Bc3 35. Kc1 Rxf1+ 36. Bxf1 Qe3+ 0-1